Online Catalogue and eLibrary

Theorizing multiculturalism : (Record no. 284)

MARC details
000 -LEADER
fixed length control field 00606cam a2200205 a 4500
001 - CONTROL NUMBER
control field 710327
005 - DATE AND TIME OF LATEST TRANSACTION
control field 20240202055638.0
008 - FIXED-LENGTH DATA ELEMENTS--GENERAL INFORMATION
fixed length control field 970822s1998 maua b 001 0 eng
020 ## - INTERNATIONAL STANDARD BOOK NUMBER
ISBN 0631203419 (alk. paper)
020 ## - INTERNATIONAL STANDARD BOOK NUMBER
ISBN 0631203427 (pbk. : alk. paper)
040 ## - CATALOGING SOURCE (பட்டியலாக்க மூலம்)
Original cataloging agency DLC
Transcribing agency DLC
Modifying agency DLC
082 00 - DDC Classification
Class No. 306
DDC Edition Number 21
245 00 - TITLE STATEMENT
Title Theorizing multiculturalism :
Remainder of title a guide to the current debate /
Statement of responsibility, etc. edited by Cynthia Willett.
260 ## - PUBLICATION, DISTRIBUTION, ETC.
Place of publication, distribution, etc. Malden, Mass :
Name of publisher, distributor, etc. Blackwell,
Date of publication, distribution, etc. 1998.
300 ## - PHYSICAL DESCRIPTION
Extent (e.g. Volumes, Pages etc.) xi, 466 p. :
650 #0 - SUBJECT ADDED ENTRY--TOPICAL TERM
Topical term or geographic name entry element Multiculturalism.
650 #0 - SUBJECT ADDED ENTRY--TOPICAL TERM
Topical term or geographic name entry element Cultural pluralism.
700 1# - ADDED ENTRY--PERSONAL NAME
Personal name Willett, Cynthia,
Relator term (Role) Editor
942 ## - Koha item type (Biblio)
Koha item type Books in Stacks (Lending)
Holdings
Lost status Damaged status Collection code Home library Current library Date acquired Full call number Accession Number Item type
    Lending WERC Library WERC Library 02/02/2024 306 2718 Books in Stacks (Lending)

© WERC Library